Entrega de la Medalla de la Provincia al Cardenal Primado
Publicado:
San Jorge, núm. 90 - 91 (2n i 3r trimestre 1973), pàg 78 :
MARC
| LEADER | 00000nam a2200000Ia 4500 | ||
|---|---|---|---|
| 001 | |||
| 008 | 160829s9999 xx 000 0 cat d | ||
| 245 | |a Entrega de la Medalla de la Provincia al Cardenal Primado | ||
| 260 | |a San Jorge, núm. 90 - 91 (2n i 3r trimestre 1973), pàg 78 | ||
| 600 | 1 | 0 | |a González Martín, Marcelo, |d 1918-2004 |x Medalles |9 56281 |
| 650 | |a Medalla de la Provincia |9 41936 | ||
| 901 | |a Arxiu | ||
| 942 | |n 1 | ||
| 952 | |0 0 |1 0 |4 0 |7 1 |9 50557 |a Arxiu |b Arxiu |d 2016-12-01 |l 0 |r 2016-12-01 00:00:00 |w 2016-12-01 |y ARXIU | ||
| 999 | |c 54399 |d 54399 | ||